000 00700nam a2200241Ia 4500
003 OSt
005 20220918200346.0
006 a|||||r|||| 00| 0
007 ta
008 220917b |||||||| |||| 00| 0 eng d
024 _a88,482
037 _cTextual
040 _aARTS
_cARTS
_beng
041 _2eng
_aeng
082 _aT4s23182:N60, K1
100 _aBhanot I V
_993798
245 0 _aInquiry into the occurrence of wastage and stagnation amongst university students
_b Report
260 _c1961
490 _amaharaja sayajirao univ statistics series; 1
650 _aHIGHER EDUCATION
942 _hT4s23182:N60, K1
_cTEXL
_2CC
999 _c212170
_d212170